[Event "TUR Cup"]
[Site "Antalya"]
[Date "2020.01.30"]
[Round "8"]
[White "Durak, Behzat"]
[Black "Ozgen, Tolga"]
[Result "0-1"]
[WhiteElo "1515"]
[BlackElo "1638"]
[PlyCount "76"]
[EventDate "2020.01.26"]
[EventType "swiss"]
[EventRounds "11"]
[EventCountry "TUR"]
[SourceTitle "CBM 194 Extra"]
[Source "ChessBase"]
[SourceDate "2020.03.31"]
[SourceVersion "1"]
[SourceVersionDate "2020.03.31"]
[SourceQuality "1"]

1. e4 Nf6 2. d3 e5 3. c4 Bc5 4. h3 d6 5. a3 a5 6. Be2 h6 7. Nf3 0-0 8. Nc3 Nc6 9. Nb5 Re8 10. Bd2 Ne7 11. Qc1 c6 12. Nc3 Ng6 13. Na4 Ba7 14. Nc3 Nh5 15. g3 Nf6 16. g4 Qc7 17. g5 hxg5 18. Bxg5 Nh5 19. Qd2 Nhf4 20. h4 f6 21. Bxf4 Nxf4 22. Rg1 Qb6 23. Nd1 Bh3 24. Bf1 Bxf1 25. Kxf1 Qb3 26. Ne1 d5 27. cxd5 cxd5 28. h5 dxe4 29. h6 g5 30. Nc3 exd3 31. Ne4 Qe6 32. Ng2 Kh8 33. Ne3 Qh3+ 34. Ke1 Bxe3 35. fxe3 Rac8 36. Nc3 Qf3 37. h7 g4 38. Qf2 d2+ 0-1